| 000 | 01332nam a2200349 i 4500 | ||
|---|---|---|---|
| 001 | 768714001 | ||
| 003 | CO-MdFUSB | ||
| 005 | 20230712105857.0 | ||
| 007 | ta | ||
| 008 | 230119t1959 enk |||| |||| 00| 0 eng d | ||
| 020 | _a0674994744 | ||
| 040 |
_aCO-MdFUSB _bspa _cCO-MdFUSB _dCO-MdFUSBC _erda |
||
| 041 | _aeng | ||
| 041 | _agrc | ||
| 082 |
_223 _a888.01 _bLL937l |
||
| 100 | _aLucian, of Samosata | ||
| 245 |
_aLucian _c/ traducido por K. Kilburn |
||
| 264 | 1 |
_aLondon, England : _bHarvard University Press, _c[1959] |
|
| 264 | 4 | _c© 1959 | |
| 300 |
_a495 páginas _c; 17 cm |
||
| 336 |
_2rdacontent _atexto _btxt |
||
| 337 |
_2rdamedia _asin mediación _bn |
||
| 338 |
_2rdacarrier _avolumen _bnc |
||
| 490 | _aThe Loeb Classical Library | ||
| 505 | _aVol. VI: Cómo escribir historia -- Los Dipsads -- Saturnales -- Heródoto o Aetion -- Zeuxis o Antíoco -- Un lapsus al saludar -- Apología de los puestos asalariados en casas grandes -- Harmonides -- Una conversación con Hesíodo -- El escita o el consejo -- Hermótimo o sobre las sectas -- Al uno que dijo que eres un Prometeo en palabras - el barco o los deseos | ||
| 563 | _aPasta dura | ||
| 650 | 7 |
_9109 _aLiteratura clásica |
|
| 700 |
_97742 _aKilburn, K., _etraductor |
||
| 942 | _cREF | ||
| 945 | _aJTF-925 | ||
| 999 |
_c68349 _d68349 |
||